Political Theories (Record no. 751140)

MARC details
000 -LEADER
fixed length control field 00317nam a2200133Ia 4500
008 - FIXED-LENGTH DATA ELEMENTS--GENERAL INFORMATION
fixed length control field 230724s2023 xx 000 0 und d
041 ## - LANGUAGE CODE
Language code of text/sound track or separate title eng
082 ## - DEWEY DECIMAL CLASSIFICATION NUMBER
Classification number 328.1/MUD
100 ## - MAIN ENTRY--PERSONAL NAME
Personal name Rohini Mudholkar
245 ## - TITLE STATEMENT
Title Political Theories
250 ## - EDITION STATEMENT
Edition statement 2019 Ed
260 ## - PUBLICATION, DISTRIBUTION, ETC.
Place of publication, distribution, etc. PUNE
Name of publisher, distributor, etc. HIND LAW HOUSE,
Date of publication, distribution, etc. 2023
300 ## - PHYSICAL DESCRIPTION
Extent 1-1072p.

No items available.